Pathogen dynamics in a crop canopy and their evolution under changing climate (Record no. 64632)

MARC details
000 -LEADER
fixed length control field 00519nam a2200181Ia 4500
100 ## - MAIN ENTRY--AUTHOR NAME
Personal name Pangga I B
245 #0 - TITLE STATEMENT
Title Pathogen dynamics in a crop canopy and their evolution under changing climate
260 ## - PUBLICATION, DISTRIBUTION, ETC. (IMPRINT)
Name of publisher Plant Pathology
Year of publication 2011
300 ## - PHYSICAL DESCRIPTION
Number of Pages 70-81
650 ## - SUBJECT ADDED ENTRY--TOPICAL TERM
Topical Term Colletotrichum gloeosporioides
650 ## - SUBJECT ADDED ENTRY--TOPICAL TERM
Topical Term Elevated CO2
650 ## - SUBJECT ADDED ENTRY--TOPICAL TERM
Topical Term Modelling
650 ## - SUBJECT ADDED ENTRY--TOPICAL TERM
Topical Term Pathogen evolution
650 ## - SUBJECT ADDED ENTRY--TOPICAL TERM
Topical Term Stylosanthes scabra
650 ## - SUBJECT ADDED ENTRY--TOPICAL TERM
Topical Term Virtual plants
942 ## - ADDED ENTRY ELEMENTS (KOHA)
Koha item type Journals
Holdings
Withdrawn status Lost status Damaged status Not for loan Home library Current library Shelving location Date acquired Serial Enumeration / chronology Koha item type
      Journals RRII Library RRII Library Pathology 04/10/2011 Volume 60, Issue 1 Journals